00420nam a2200121Ia 4500008004100000041000800041082001200049100000900061245004500070260006400115999001700179952010200196240624s9999 xx 000 0 und d aeng a309 ICF aICFP aRETIREMENT PLANNING AND EMPLOYEE BENEFIT c2009aBenefitsbInternational College of Financial Planning c15184d15184 00104070aIMTNbIMTNcRack 5-Bd2010-05-24o309 ICFp15184r2024-06-24 00:00:00w2024-06-24yBK